Úpravy hodnôt majetku a záväzkov v účtovníctve diplomová práca

Na minha lista:
Detalhes bibliográficos
Autor principal: Iványová, Tímea
Autor Corporativo: Fakulta hospodárskej informatiky EU. Katedra účtovníctva a audítorstva
Outros Autores: Szászová, Renáta
Formato: Livro
Idioma:eslovaco
Publicado em: Bratislava 2015
Tags: Adicionar Tag
Sem tags, seja o primeiro a adicionar uma tag!

MARC

LEADER 00000nbm a2200000 4500
001 0203521
005 20161212112801.0
041 0 |a slo 
044 |a SK 
245 1 0 |a Úpravy hodnôt majetku a záväzkov v účtovníctve  |b diplomová práca  |c Tímea Iványová ; školiteľ: Renáta Szászová 
264 1 |a Bratislava  |c 2015 
300 |a 65 s. 
100 1 |a Iványová, Tímea 
700 1 |a Szászová, Renáta 
710 2 |a Fakulta hospodárskej informatiky EU. Katedra účtovníctva a audítorstva